Basic electrical engineering (Record no. 7166)

000 -LEADER
fixed length control field 00658nam a2200217 4500
001 - CONTROL NUMBER
control field 7166
003 - CONTROL NUMBER IDENTIFIER
control field BD-DhUET
008 - FIXED-LENGTH DATA ELEMENTS--GENERAL INFORMATION
fixed length control field 740521s1975 nyua 001 0 eng
020 ## - INTERNATIONAL STANDARD BOOK NUMBER
International Standard Book Number 0070211523
040 ## - CATALOGING SOURCE
Original cataloging agency DLC
Transcribing agency DLC
Modifying agency BD-DhUET
082 00 - DEWEY DECIMAL CLASSIFICATION NUMBER
Classification number 623
Item number FIT/1975
100 1# - MAIN ENTRY--PERSONAL NAME
Personal name Fitzgerald, A. E.
245 10 - TITLE STATEMENT
Title Basic electrical engineering
Remainder of title circuits,electronics,machines,control
Statement of responsibility, etc. by A. E. Fitzgerald, David E. Higginbotham and Arvin Grabel
250 ## - EDITION STATEMENT
Edition statement 4th ed.
260 ## - PUBLICATION, DISTRIBUTION, ETC. (IMPRINT)
Place of publication, distribution, etc. New York
Name of publisher, distributor, etc. McGraw-Hill
Date of publication, distribution, etc. 1975
300 ## - PHYSICAL DESCRIPTION
Extent xiv, 817 p.
Other physical details illus.
Dimensions 24 cm.
650 #0 - SUBJECT ADDED ENTRY--TOPICAL TERM
Topical term or geographic name as entry element Electricity : Engineering
700 ## - ADDED ENTRY--PERSONAL NAME
Personal name Higginbotham, David E.
700 ## - ADDED ENTRY--PERSONAL NAME
Personal name Grabel, Arvin
942 ## - ADDED ENTRY ELEMENTS (KOHA)
Koha item type General Book
Holdings
Lost status Location (home branch) Koha full call number Damaged status Price effective from Source of classification or shelving scheme Koha date last borrowed Shelving location Copy number Koha issues (times borrowed) Not for loan Koha item type Koha date last seen Piece designation (barcode) Koha normalized classification for sorting Date acquired Withdrawn status Sublocation or collection (holding branch)
 Central Library, BUET623/PIT/1975 2014-12-07 2018-07-21Circulation section11 General Book2018-08-0465364623PIT19752014-12-07 Central Library, BUET
 Central Library, BUET623/PIT/1975 2015-03-12  Circulation section2  General Book2015-03-1243309623_000000000000000_PIT_19752015-03-12 Central Library, BUET
 Central Library, BUET623/PIT/1975 2015-03-12  Circulation section3  General Book2015-03-1243314623_000000000000000_PIT_19752015-03-12 Central Library, BUET
 Central Library, BUET623/PIT/1975 2015-03-12  Circulation section4  General Book2015-03-1243676623_000000000000000_PIT_19752015-03-12 Central Library, BUET
 Central Library, BUET623/PIT/1975 2015-03-12  Circulation section5  General Book2015-03-1242843623_000000000000000_PIT_19752015-03-12 Central Library, BUET
 Central Library, BUET623/FIT/1975 2015-04-16  Circulation section6  General Book2015-04-1643308623_000000000000000_FIT_19752015-04-16 Central Library, BUET
 Central Library, BUET623/FIT/1975 2015-04-18  Circulation section7  General Book2015-04-1843316623_000000000000000_FIT_19752015-04-18 Central Library, BUET
 Central Library, BUET623/FIT/1975 2015-04-21  Circulation section8  General Book2015-04-2143310623_000000000000000_FIT_19752015-04-21 Central Library, BUET
 Central Library, BUET623/FIT/1975 2015-04-21  Circulation section9  General Book2015-04-2143677623_000000000000000_FIT_19752015-04-21 Central Library, BUET
 Central Library, BUET623/FIT/1975 2015-04-21  Circulation section10  General Book2015-04-2143313623_000000000000000_FIT_19752015-04-21 Central Library, BUET
 Central Library, BUET623/FIT/1975 2015-04-21  Circulation section11  General Book2015-04-2143307623_000000000000000_FIT_19752015-04-21 Central Library, BUET
 Central Library, BUET623/FIT/1975 2015-04-21  Circulation section12  General Book2015-04-2151101623_000000000000000_FIT_19752015-04-21 Central Library, BUET
 Central Library, BUET623/FIT/1975 2015-06-28  Reading section13  Reading Item2015-06-2842841623_000000000000000_FIT_19752015-06-28 Central Library, BUET
 Central Library, BUET623/FIT/1975 2015-06-28  Reading section14  Reading Item2015-06-2842840623_000000000000000_FIT_19752015-06-28 Central Library, BUET
 Central Library, BUET623/FIT/1975 2015-06-28  Reading section15  Reading Item2015-06-2843679623_000000000000000_FIT_19752015-06-28 Central Library, BUET